Students' success in life (Record no. 114972)
[ view plain ]
| 000 -LEADER | |
|---|---|
| fixed length control field | 00412nam a22001457a 4500 |
| 005 - DATE AND TIME OF LATEST TRANSACTION | |
| control field | 20260417101001.0 |
| 008 - FIXED-LENGTH DATA ELEMENTS--GENERAL INFORMATION | |
| fixed length control field | 250409b |||||||| |||| 00| 0 eng d |
| 080 ## - UNIVERSAL DECIMAL CLASSIFICATION NUMBER | |
| Universal Decimal Classification number | 159.923.2 |
| Item number | SIV/S |
| 100 ## - MAIN ENTRY--PERSONAL NAME | |
| Personal name | Sivananda,Swami |
| 245 ## - TITLE STATEMENT | |
| Title | Students' success in life |
| 260 ## - PUBLICATION, DISTRIBUTION, ETC. (IMPRINT) | |
| Name of publisher, distributor, etc | The divine life society. |
| Place of publication, distribution, etc | Uttarakhand. |
| Date of publication, distribution, etc | 2025. |
| 300 ## - PHYSICAL DESCRIPTION | |
| Extent | 120p. |
| 653 ## - INDEX TERM--UNCONTROLLED | |
| Uncontrolled term | Personality development-Individual psychology |
| 942 ## - ADDED ENTRY ELEMENTS (KOHA) | |
| item type | Under processing |
| Lost status | Source of classification or shelving scheme | Not for loan | Home library | Current library | Shelving location | Date acquired | Total Checkouts | Full call number | Barcode | Date last seen | Cost, replacement price | Price effective from | Koha item type |
|---|---|---|---|---|---|---|---|---|---|---|---|---|---|
| Universal Decimal Classification | Not For Loan | University Library | University Library | On Display | 08/04/2025 | 159.923.2 SIV/S | G0011518 | 09/04/2025 | 75.00 | 09/04/2025 | Books |
